00577nam a2200205Ia 4500008004100000020001800041050001400059100002300073245003000096245002600126260001500152260001600167260000900183300001500192300002000207300001000227500000800237999001900245952010700264170918s9999 xx 000 0 und d a9780590681179 bB562 1998 aBetancourt, Jeanne aTen true animal rescues / cby Jeanne Betancourt. aNew York : bScholastic, c1998 a66 pages : billustrations ; c19cm. a730 c344248d344248 001040aSSISMbSSISMd2017-09-18l0oGS FIC B562 1998pSSISM3320r2017-09-18 00:00:00w2017-09-18yBK